000
00272nam a22001217a 4500
008
171123b xxu||||| |||| 00| 0 eng d
041
_a
eng
080
_a
101
100
_a
24
101
_a
FIL
245
_a
PHILOSOPHY SCIENTIFIC REALISM
_c
SMART.J.J.C
942
_2
udc
_c
BK
999
_c
38364
_d
38364